[Event "Steyr Landesliga 1516"]
[Site "Austria"]
[Date "2015.11.28"]
[Round "5.7"]
[White "Insam, Heinz"]
[Black "Koch, Ewald"]
[Result "1-0"]
[WhiteElo "2216"]
[BlackElo "1999"]
[PlyCount "45"]
[EventDate "2015.09.26"]
[EventType "team-tourn"]
[EventRounds "11"]
[EventCountry "AUT"]
[SourceTitle "CBM 170 Extra"]
[Source "ChessBase"]
[SourceDate "2016.02.25"]
[SourceVersion "1"]
[SourceVersionDate "2016.02.25"]
[SourceQuality "1"]
[WhiteTeam "Pinggau Friedberg"]
[BlackTeam "Fuerstenfeld/Hartberg"]
[WhiteTeamCountry "AUT"]
[BlackTeamCountry "AUT"]

1. d4 Nf6 2. g3 e6 3. Bg2 d5 4. Nf3 c5 5. c4 cxd4 6. Nxd4 Bb4+ 7. Bd2 Bxd2+ 8. Nxd2 0-0 9. 0-0 e5 10. N4b3 Nc6 11. cxd5 Nxd5 12. Nc4 Nb6 13. Nca5 Nxa5 14. Qxd8 Rxd8 15. Nxa5 f5 16. Rfd1 Be6 17. Bxb7 Rab8 18. b3 Bd5 19. Bxd5+ Rxd5 20. Rxd5 Nxd5 21. Nc6 Rb6 22. Nxe5 f4 23. Rd1 1-0

[Event "Steyr Landesliga 1314"]
[Site "Austria"]
[Date "2014.03.29"]
[Round "10.4"]
[White "Insam, Heinz"]
[Black "Dobay, Klaus"]
[Result "0-1"]
[WhiteElo "2219"]
[BlackElo "2074"]
[PlyCount "46"]
[EventDate "2013.09.28"]
[EventType "team-tourn"]
[EventRounds "11"]
[EventCountry "AUT"]
[SourceTitle "EXT 2015"]
[Source "ChessBase"]
[SourceDate "2014.11.20"]
[SourceVersion "1"]
[SourceVersionDate "2014.11.20"]
[SourceQuality "1"]
[WhiteTeam "Pinggau Friedberg"]
[BlackTeam "Graz Austria"]
[WhiteTeamCountry "AUT"]
[BlackTeamCountry "AUT"]

1. d4 d5 2. Bg5 c6 3. c3 Bf5 4. Nd2 Nd7 5. f3 Ngf6 6. e4 dxe4 7. Qc2 Qa5 8. Nc4 exf3 9. Nxa5 Bxc2 10. Nxf3 0-0-0 11. Bf4 Nh5 12. Bd2 e5 13. dxe5 Re8 14. g3 Nxe5 15. Bh3+ f5 16. Nd4 Ng4+ 17. Kf1 Bd3+ 18. Kg1 Bc5 19. Nab3 Bb6 20. Bf1 Bc2 21. Nc1 Nhf6 22. Bd3 Bxd3 23. Nxd3 Rd8 0-1

[Event "Steyr Landesliga 1314"]
[Site "Austria"]
[Date "2013.11.23"]
[Round "4.3"]
[White "Postl, Anton"]
[Black "Insam, Heinz"]
[Result "1-0"]
[WhiteElo "2279"]
[BlackElo "2219"]
[PlyCount "71"]
[EventDate "2013.09.28"]
[EventType "team-tourn"]
[EventRounds "11"]
[EventCountry "AUT"]
[SourceTitle "EXT 2015"]
[Source "ChessBase"]
[SourceDate "2014.11.20"]
[SourceVersion "1"]
[SourceVersionDate "2014.11.20"]
[SourceQuality "1"]
[WhiteTeam "Fuerstenfeld"]
[BlackTeam "Pinggau Friedberg"]
[WhiteTeamCountry "AUT"]
[BlackTeamCountry "AUT"]

1. d4 f5 2. Nf3 Nf6 3. g3 d5 4. Bg2 Be6 5. 0-0 Bf7 6. Ng5 e6 7. c4 c6 8. Nd2 Bd6 9. Nxf7 Kxf7 10. Nf3 Re8 11. Bf4 Bxf4 12. gxf4 dxc4 13. Ne5+ Kg8 14. Nxc4 Qc7 15. e3 Nbd7 16. Qc2 Nb6 17. Ne5 Nbd5 18. Rab1 Qd6 19. Rfc1 Re7 20. a3 a5 21. Qc5 Qd8 22. b4 axb4 23. axb4 Nd7 24. Qd6 Nxe5 25. Qxe5 Ra2 26. Rc5 Nf6 27. h3 Kf7 28. Bf1 Qb6 29. Bc4 Ra4 30. b5 g6 31. Bb3 Ra5 32. Qb8 Nd7 33. Qh8 Nxc5 34. Qxh7+ Ke8 35. Qh8+ Kd7 36. dxc5 1-0

[Event "Steyr Landesliga 1314"]
[Site "Austria"]
[Date "2013.11.09"]
[Round "3.4"]
[White "Matosec, Thomas"]
[Black "Insam, Heinz"]
[Result "1/2-1/2"]
[WhiteElo "2101"]
[BlackElo "2219"]
[PlyCount "115"]
[EventDate "2013.09.28"]
[EventType "team-tourn"]
[EventRounds "11"]
[EventCountry "AUT"]
[SourceTitle "EXT 2015"]
[Source "ChessBase"]
[SourceDate "2014.11.20"]
[SourceVersion "1"]
[SourceVersionDate "2014.11.20"]
[SourceQuality "1"]
[WhiteTeam "Graz Styria"]
[BlackTeam "Pinggau Friedberg"]
[WhiteTeamCountry "AUT"]
[BlackTeamCountry "AUT"]

1. d4 d5 2. Nf3 e6 3. g3 c5 4. Bg2 Nc6 5. 0-0 Nf6 6. c4 dxc4 7. Qa4 Qa5 8. Qxc4 cxd4 9. Nxd4 Nxd4 10. Qxd4 Bc5 11. Qh4 Qa6 12. Nc3 Bd7 13. Bh6 Bf8 14. b4 e5 15. b5 Qe6 16. Bg5 Rc8 17. Rac1 Ba3 18. Bxf6 Qxf6 19. Qxf6 gxf6 20. Rc2 Rc7 21. Rb1 Bf5 22. e4 Be6 23. f4 0-0 24. f5 Bxa2 25. Rxa2 Rxc3 26. Rd1 Bc5+ 27. Kf1 Bd4 28. Ke1 Rfc8 29. Rb1 Rc2 30. Rxc2 Rxc2 31. Bf1 Bc3+ 32. Kd1 Rd2+ 33. Kc1 Rxh2 34. b6 axb6 35. Rxb6 Rh1 36. Kc2 Rxf1 37. Kxc3 Rf3+ 38. Kc4 Rxg3 39. Rxf6 b5+ 40. Kd5 b4 41. Kxe5 h5 42. Rh6 Rh3 43. Rb6 b3 44. Kf6 Re3 45. e5 h4 46. Rb8+ Kh7 47. Rb4 Kg8 48. Rg4+ Kf8 49. Rxh4 Ke8 50. Rb4 Kd7 51. Rb7+ Kc6 52. Rb8 Kd5 53. Rb6 Rf3 54. Rb7 Kc4 55. e6 fxe6 56. Kxe6 Re3+ 57. Kd6 Rd3+ 58. Ke6 1/2-1/2

[Event "Steyr Landesliga 1314"]
[Site "Austria"]
[Date "2013.10.19"]
[Round "2.4"]
[White "Insam, Heinz"]
[Black "Krumphals, Friedrich"]
[Result "1/2-1/2"]
[WhiteElo "2219"]
[BlackElo "2148"]
[PlyCount "34"]
[EventDate "2013.09.28"]
[EventType "team-tourn"]
[EventRounds "11"]
[EventCountry "AUT"]
[SourceTitle "EXT 2015"]
[Source "ChessBase"]
[SourceDate "2014.11.20"]
[SourceVersion "1"]
[SourceVersionDate "2014.11.20"]
[SourceQuality "1"]
[WhiteTeam "Pinggau Friedberg"]
[BlackTeam "Feldbach Kirchberg"]
[WhiteTeamCountry "AUT"]
[BlackTeamCountry "AUT"]

1. d4 d6 2. Bg5 h6 3. Bh4 g5 4. Bg3 Bg7 5. e3 c5 6. c3 Qb6 7. Qb3 Be6 8. Qxb6 axb6 9. Nd2 Nf6 10. Bd3 Nc6 11. Ne2 Ra5 12. a3 Nd7 13. 0-0 0-0 14. f4 f5 15. Bf2 Nf6 16. fxg5 hxg5 17. h4 Bh6 1/2-1/2

[Event "Steyr Landesliga 1314"]
[Site "Austria"]
[Date "2013.09.28"]
[Round "1.3"]
[White "Insam, Heinz"]
[Black "Ebner, Walter"]
[Result "1-0"]
[WhiteElo "2219"]
[BlackElo "2102"]
[PlyCount "61"]
[EventDate "2013.09.28"]
[EventType "team-tourn"]
[EventRounds "11"]
[EventCountry "AUT"]
[SourceTitle "EXT 2015"]
[Source "ChessBase"]
[SourceDate "2014.11.20"]
[SourceVersion "1"]
[SourceVersionDate "2014.11.20"]
[SourceQuality "1"]
[WhiteTeam "Pinggau Friedberg"]
[BlackTeam "Gleisdorf"]
[WhiteTeamCountry "AUT"]
[BlackTeamCountry "AUT"]

1. d4 Nf6 2. Bg5 d6 3. Nd2 Nbd7 4. e3 g6 5. Be2 Bg7 6. c3 0-0 7. h4 h6 8. Bf4 e5 9. Bg3 Qe7 10. Qc2 c5 11. dxe5 Nxe5 12. Bxe5 dxe5 13. h5 e4 14. hxg6 fxg6 15. 0-0-0 Bg4 16. f3 Bf5 17. g4 exf3 18. Bc4+ Be6 19. g5 Bxc4 20. gxf6 Qxf6 21. Nxc4 f2 22. Nh3 f1Q 23. Rhxf1 Qxf1 24. Rxf1 Rxf1+ 25. Kd2 Rh1 26. Qxg6 Rd8+ 27. Kc2 Kh8 28. Qg2 Rdd1 29. Qxb7 Rc1+ 30. Kb3 Kh7 31. Qe4+ 1-0

[Event "Steyr Landesliga 1213"]
[Site "Austria"]
[Date "2013.03.02"]
[Round "7.3"]
[White "Insam, Heinz"]
[Black "Preis, Wolfgang"]
[Result "1-0"]
[WhiteElo "2207"]
[BlackElo "2196"]
[PlyCount "63"]
[EventDate "2012.09.22"]
[EventType "team-tourn"]
[EventRounds "11"]
[EventCountry "AUT"]
[SourceTitle "EXT 2014"]
[Source "ChessBase"]
[SourceDate "2013.11.20"]
[SourceVersion "1"]
[SourceVersionDate "2013.11.20"]
[SourceQuality "1"]
[WhiteTeam "Pinggau Friedberg"]
[BlackTeam "Liezen Admont"]
[WhiteTeamCountry "AUT"]
[BlackTeamCountry "AUT"]

1. d4 Nf6 2. Bg5 Ne4 3. Bf4 d5 4. f3 Nf6 5. Nc3 e6 6. e3 Be7 7. Nh3 c5 8. Nb5 Na6 9. g4 cxd4 10. exd4 0-0 11. c3 Ne8 12. Bd3 f5 13. 0-0 Bd7 14. Qe2 Rf7 15. Be5 Nb8 16. gxf5 exf5 17. c4 Bxb5 18. cxb5 Nd7 19. Nf4 Nb6 20. Kh1 Qd7 21. a4 Rc8 22. a5 Nc4 23. b3 Na3 24. Rfc1 Rxc1+ 25. Rxc1 Bb4 26. a6 bxa6 27. bxa6 Re7 28. Ng2 Bd6 29. Qa2 Bb4 30. Ne3 g6 31. Qg2 Ng7 32. f4 1-0

[Event "Steyr Landesliga 1112"]
[Site "Austria"]
[Date "2012.04.14"]
[Round "10.3"]
[White "Insam, Heinz"]
[Black "Raffalt, Manfred"]
[Result "1-0"]
[WhiteElo "2229"]
[BlackElo "2127"]
[PlyCount "55"]
[EventDate "2011.09.24"]
[EventType "team-tourn"]
[EventRounds "11"]
[EventCountry "AUT"]
[SourceTitle "EXT 2015"]
[Source "ChessBase"]
[SourceDate "2014.11.20"]
[SourceVersion "1"]
[SourceVersionDate "2014.11.20"]
[SourceQuality "1"]
[WhiteTeam "Pinggau Friedberg"]
[BlackTeam "Frauental"]
[WhiteTeamCountry "AUT"]
[BlackTeamCountry "AUT"]

1. d4 Nf6 2. Bg5 Ne4 3. Bh4 d5 4. f3 Nf6 5. Nd2 Nc6 6. e3 e5 7. c3 Be7 8. Bd3 Nh5 9. Bf2 g6 10. Ne2 a6 11. 0-0 0-0 12. e4 Nf4 13. Nxf4 exf4 14. a3 Bh4 15. Bxh4 Qxh4 16. exd5 Ne7 17. Qb3 Kg7 18. Rae1 Re8 19. Qa4 Rd8 20. c4 b5 21. Qb4 bxc4 22. Rxe7 cxd3 23. Qc5 Bb7 24. Qxc7 Bxd5 25. Ne4 Kf8 26. Qe5 Bxe4 27. fxe4 Re8 28. Rxf4 1-0

[Event "Steyr Landesliga 1112"]
[Site "Austria"]
[Date "2012.02.04"]
[Round "8.3"]
[White "Insam, Heinz"]
[Black "Sonnberger, Thomas"]
[Result "0-1"]
[WhiteElo "2229"]
[BlackElo "2207"]
[PlyCount "52"]
[EventDate "2011.09.24"]
[EventType "team-tourn"]
[EventRounds "11"]
[EventCountry "AUT"]
[SourceTitle "EXT 2013"]
[Source "ChessBase"]
[SourceDate "2012.11.22"]
[SourceVersion "1"]
[SourceVersionDate "2012.11.22"]
[SourceQuality "1"]
[WhiteTeam "Pinggau Friedberg"]
[BlackTeam "Weiz"]
[WhiteTeamCountry "AUT"]
[BlackTeamCountry "AUT"]

1. d4 c5 2. c3 Nf6 3. e3 cxd4 4. exd4 d5 5. Bd3 Bg4 6. f3 Bh5 7. Nh3 e6 8. Qb3 Qc8 9. Bg5 Bd6 10. Nd2 Nc6 11. 0-0 Bg6 12. Bxg6 hxg6 13. Rae1 Qc7 14. Bxf6 gxf6 15. Qxd5 0-0-0 16. Qe4 Bxh2+ 17. Kh1 Bf4 18. Qd3 Rh5 19. Re2 Rdh8 20. Ne4 f5 21. Nef2 Qd8 22. Kg1 Qh4 23. Rd1 Bc7 24. Kf1 g5 25. g4 R5h6 26. Ke1 Qg3 0-1

[Event "Steyr Landesliga 1112"]
[Site "Austria"]
[Date "2011.11.12"]
[Round "5.3"]
[White "Nuster, Erwin"]
[Black "Insam, Heinz"]
[Result "1/2-1/2"]
[WhiteElo "2148"]
[BlackElo "2229"]
[PlyCount "80"]
[EventDate "2011.09.24"]
[EventType "team-tourn"]
[EventRounds "11"]
[EventCountry "AUT"]
[SourceTitle "EXT 2013"]
[Source "ChessBase"]
[SourceDate "2012.11.22"]
[SourceVersion "1"]
[SourceVersionDate "2012.11.22"]
[SourceQuality "1"]
[WhiteTeam "Feldbach Kirchberg"]
[BlackTeam "Pinggau Friedberg"]
[WhiteTeamCountry "AUT"]
[BlackTeamCountry "AUT"]

1. d4 d5 2. c4 e6 3. Nc3 f5 4. Nf3 Nf6 5. Bf4 Bd6 6. e3 0-0 7. Bd3 Bxf4 8. exf4 dxc4 9. Bxc4 Qd6 10. g3 a6 11. Qe2 b5 12. Bb3 Nc6 13. 0-0-0 Na5 14. Bc2 Bb7 15. Rhe1 b4 16. Na4 Ne4 17. Ng5 b3 18. axb3 Qb4 19. Nxe4 Bxe4 20. Nc5 Bd5 21. Qd2 Qb6 22. Re3 Rfd8 23. Qc3 Nc6 24. Na4 Qb5 25. Qc5 Nb4 26. Qxb5 axb5 27. Nc5 Kf7 28. Rde1 Rd6 29. Kd2 Rad8 30. Bd3 Nxd3 31. Rxd3 Ra8 32. Kc3 Rb6 33. b4 Ra2 34. Rdd1 Rb8 35. Ra1 Rba8 36. Rxa2 Rxa2 37. Kc2 h6 38. h4 Ra8 39. Kb1 Rd8 40. Kc2 Ra8 1/2-1/2

[Event "AUT-chT2S 9900"]
[Site "Austria"]
[Date "2000.01.23"]
[Round "6.4"]
[White "Insam, Heinz"]
[Black "Waldmann, Gerald"]
[Result "1/2-1/2"]
[WhiteElo "2260"]
[BlackElo "2155"]
[PlyCount "48"]
[EventDate "1999.10.??"]
[EventType "team-tourn"]
[EventRounds "11"]
[EventCountry "AUT"]
[SourceTitle "EXT 2002"]
[Source "ChessBase"]
[SourceDate "2001.11.25"]
[SourceVersion "1"]
[SourceVersionDate "2001.11.25"]
[SourceQuality "1"]

1. d4 Nf6 2. Bg5 d5 3. e3 Bf5 4. Bd3 Bxd3 5. Qxd3 c6 6. Nd2 Nbd7 7. f4 e6 8. Nh3 Be7 9. 0-0 h6 10. Bxf6 Nxf6 11. Nf2 Qb6 12. Nf3 Qb5 13. Qd1 0-0 14. Rb1 c5 15. Ne5 Rac8 16. c3 Bd6 17. g4 Bxe5 18. fxe5 Nh7 19. h4 f6 20. Nd3 fxe5 21. Nxe5 cxd4 22. exd4 Rxf1+ 23. Qxf1 Qxf1+ 24. Rxf1 Rf8 1/2-1/2

[Event "AUT-chT 9697"]
[Site "Austria"]
[Date "1997.??.??"]
[Round "9"]
[White "Moser, Guenter"]
[Black "Insam, Heinz"]
[Result "1/2-1/2"]
[WhiteElo "2340"]
[BlackElo "2265"]
[PlyCount "29"]
[EventDate "1996.??.??"]
[EventType "team-tourn"]
[EventRounds "11"]
[EventCountry "AUT"]
[SourceTitle "CBM 057 Extra"]
[Source "ChessBase"]
[SourceDate "1997.05.01"]
[SourceVersion "1"]
[SourceVersionDate "1997.05.01"]
[SourceQuality "1"]

1. d4 d5 2. Nf3 e6 3. c3 Bd6 4. Bg5 f6 5. Bh4 Ne7 6. e3 c5 7. Nbd2 Nbc6 8. Bd3 Ng6 9. Bg3 f5 10. Bxd6 Qxd6 11. 0-0 0-0 12. Be2 e5 13. dxe5 Ngxe5 14. Nc4 Nxc4 15. Bxc4 1/2-1/2

[Event "AUT-chT2S 9596"]
[Site "Austria"]
[Date "1996.??.??"]
[Round "?"]
[White "Insam, Heinz"]
[Black "Perhinig, Robert"]
[Result "1-0"]
[WhiteElo "2275"]
[BlackElo "2235"]
[PlyCount "121"]
[EventDate "1995.??.??"]
[EventType "team-tourn"]
[EventRounds "11"]
[EventCountry "AUT"]
[SourceTitle "EXT 1999"]
[Source "ChessBase"]
[SourceDate "1998.11.16"]
[SourceVersion "1"]
[SourceVersionDate "1998.11.16"]
[SourceQuality "1"]

1. d4 d5 2. Bg5 h6 3. Bh4 c6 4. Nd2 Qb6 5. Nb3 a5 6. Rb1 a4 7. Nc1 Bf5 8. e3 e6 9. Bd3 Bxd3 10. Nxd3 Nd7 11. Nf3 c5 12. 0-0 Bd6 13. Re1 c4 14. Nde5 Ngf6 15. Bxf6 Nxf6 16. a3 Qc7 17. c3 b5 18. g3 g5 19. Nd2 Bxe5 20. dxe5 Qxe5 21. Nf3 Qc7 22. Qd4 Qe7 23. Ne5 Qa7 24. Qd1 0-0 25. f4 gxf4 26. Qf3 Ne4 27. Qxf4 f6 28. Qg4+ Ng5 29. Ng6 Rfe8 30. Nf4 Qg7 31. Nh5 Qg6 32. Nf4 Qe4 33. Kf2 e5 34. Nh5 Qg6 35. Kg1 f5 36. Qd1 Rad8 37. Rc1 Kh8 38. Rc2 f4 39. exf4 Nf3+ 40. Qxf3 Qxc2 41. Qg4 Qh7 42. Nf6 Qg7 43. Qxg7+ Kxg7 44. Nxe8+ Rxe8 45. fxe5 Kf7 46. Kf2 Ke6 47. g4 Rd8 48. Ke3 Kxe5 49. Rf1 Re8 50. Rf5+ Kd6+ 51. Kf3 Re6 52. h4 Kc5 53. h5 Re1 54. g5 hxg5 55. Rxg5 Rb1 56. Kg4 Rxb2 57. h6 Rh2 58. Rh5 Rg2+ 59. Kf5 Rg8 60. h7 Rh8 61. Kg6 1-0

[Event "AUT-chT2S 9495"]
[Site "Austria"]
[Date "1995.??.??"]
[Round "7"]
[White "Baumegger, Siegfried"]
[Black "Insam, Heinz"]
[Result "1/2-1/2"]
[WhiteElo "2190"]
[BlackElo "2285"]
[PlyCount "137"]
[EventDate "1994.??.??"]
[EventType "team-tourn"]
[EventRounds "11"]
[EventCountry "AUT"]
[SourceTitle "EXT 1998"]
[Source "ChessBase"]
[SourceDate "1997.11.17"]
[SourceVersion "1"]
[SourceVersionDate "1997.11.17"]
[SourceQuality "1"]

1. e4 e5 2. Nf3 Qe7 3. Nc3 Nf6 4. Bc4 d6 5. 0-0 c6 6. d4 Bg4 7. dxe5 dxe5 8. h3 Bh5 9. Qd3 Nbd7 10. Bg5 h6 11. Bh4 g5 12. Bg3 Bg7 13. Qe3 Bg6 14. Nd2 Nh5 15. Bh2 Nf4 16. Rfd1 h5 17. Bf1 Bh6 18. Ne2 Nf6 19. f3 0-0 20. g3 Ne6 21. Kh1 Kh7 22. Qc3 Bg7 23. g4 Nf4 24. Nc4 hxg4 25. hxg4 Rae8 26. Ng3 Qc5 27. Qe3 Qxe3 28. Nxe3 Rh8 29. Ngf5 Bf8 30. Nd6 Rb8 31. Nec4 Ne8 32. Nxe8 Rxe8 33. Rd7 Bc5 34. Bxf4 exf4 35. Bd3 Kg7+ 36. Kg2 b5 37. Na5 Rc8 38. Nb7 Be3 39. Rh1 Rxh1 40. Kxh1 Bb6 41. Kg2 Kf8 42. Nd6 Rc7 43. Rxc7 Bxc7 44. Nf5 Be5 45. c3 f6 46. Nd4 Be8 47. Kf1 Ke7 48. Ke1 b4 49. Bc4 Kd6 50. Kd2 Kc5 51. Kd3 a5 52. Nc2 Bd7 53. Nd4 Bc8 54. Nc2 Bb7 55. Nd4 Kb6 56. Nc2 c5 57. Ne1 a4 58. a3 b3 59. Kd2 Bc6 60. Nd3 Bd6 61. Nc1 Bd7 62. Bd5 Bb5 63. c4 Bd7 64. Nd3 Kc7 65. Ke2 Be7 66. Kd2 Kd6 67. Ke2 Bd8 68. Kd2 Ba5+ 69. Ke2 1/2-1/2

[Event "AUT-chT2S 9596"]
[Site "Austria"]
[Date "1995.??.??"]
[Round "?"]
[White "Insam, Heinz"]
[Black "Januschke, Markus"]
[Result "1-0"]
[WhiteElo "2275"]
[BlackElo "2190"]
[PlyCount "103"]
[EventDate "1995.??.??"]
[EventType "team-tourn"]
[EventRounds "11"]
[EventCountry "AUT"]
[SourceTitle "EXT 1999"]
[Source "ChessBase"]
[SourceDate "1998.11.16"]
[SourceVersion "1"]
[SourceVersionDate "1998.11.16"]
[SourceQuality "1"]

1. d4 Nf6 2. Bg5 g6 3. Nd2 Bg7 4. e3 d6 5. Be2 c5 6. c3 Nbd7 7. Qb3 0-0 8. h4 Qb6 9. h5 Qxb3 10. axb3 a6 11. hxg6 hxg6 12. Bf3 Re8 13. Nc4 Rb8 14. Ne2 Nh7 15. Bf4 cxd4 16. cxd4 b5 17. Na5 e5 18. dxe5 Nxe5 19. Bc6 Nxc6 20. Nxc6 Rb6 21. Ncd4 Nf6 22. 0-0 Nd5 23. Bh2 Bg4 24. Nc3 Nb4 25. f3 Bd7 26. Bf4 Be5 27. Rfd1 Bxf4 28. exf4 d5 29. Re1 Rxe1+ 30. Rxe1 Nd3 31. Re7 Rd6 32. f5 gxf5 33. Re2 Kg7 34. Rd2 Nb4 35. f4 Be6 36. Kf2 Kf6 37. Rd1 Rd8 38. Rh1 Nd3+ 39. Ke3 Nc5 40. b4 Ne4 41. Rh6+ Ke7 42. Nc6+ Kd7 43. Nxd8 Kxd8 44. Kd4 Nd2 45. Nxd5 Nc4 46. b3 Nd2 47. Rh3 Kd7 48. Ke5 Ne4 49. Nf6+ Nxf6 50. Kxf6 Kd6 51. Rd3+ Kc6 52. Ke5 1-0

[Event "AUT-chT2S 9596"]
[Site "Austria"]
[Date "1995.??.??"]
[Round "?"]
[White "Weiss, Leo"]
[Black "Insam, Heinz"]
[Result "0-1"]
[WhiteElo "2225"]
[BlackElo "2275"]
[PlyCount "84"]
[EventDate "1995.??.??"]
[EventType "team-tourn"]
[EventRounds "11"]
[EventCountry "AUT"]
[SourceTitle "EXT 1999"]
[Source "ChessBase"]
[SourceDate "1998.11.16"]
[SourceVersion "1"]
[SourceVersionDate "1998.11.16"]
[SourceQuality "1"]

1. e4 e5 2. Nf3 Qe7 3. Nc3 Nf6 4. Bc4 d6 5. 0-0 Bg4 6. d4 Nbd7 7. Bg5 c6 8. a4 h6 9. Be3 g5 10. Qd3 Bxf3 11. gxf3 Nh5 12. Ne2 Nf4 13. Bxf4 gxf4 14. Qb3 Nf6 15. a5 Nh7 16. a6 b5 17. Bxb5 cxb5 18. Qxb5+ Qd7 19. Qxd7+ Kxd7 20. dxe5 dxe5 21. Rfd1+ Kc6 22. Ra5 Ng5 23. Rd3 Bd6 24. Rad5 Rhd8 25. b4 Ne6 26. b5+ Kc7 27. Rc3+ Kd7 28. Rcd3 Ke7 29. Rb3 Nc5 30. Rb1 Rab8 31. c4 Nxa6 32. Ra1 Nc5 33. Rxa7+ Rb7 34. Rxb7+ Nxb7 35. Nc3 Rc8 36. Na4 Rxc4 37. Nb6 Rc5 38. Kg2 Ke6 39. Kh3 Rc2 40. Kg4 Rxf2 41. h4 Rh2 42. Nc4 f5+ 0-1

[Event "AUT-ch sf"]
[Site "Hartberg"]
[Date "1992.??.??"]
[Round "?"]
[White "Brandl, Rudolf"]
[Black "Insam, Heinz"]
[Result "1/2-1/2"]
[WhiteElo "2240"]
[BlackElo "2250"]
[PlyCount "30"]
[EventDate "1992.??.??"]
[EventType "swiss"]
[EventRounds "9"]
[EventCountry "AUT"]
[SourceTitle "EXT 2002"]
[Source "ChessBase"]
[SourceDate "2001.11.25"]
[SourceVersion "1"]
[SourceVersionDate "2001.11.25"]
[SourceQuality "1"]

1. e4 e5 2. d4 exd4 3. Nf3 Qe7 4. Bd3 Nc6 5. 0-0 d6 6. h3 Nf6 7. Re1 Bd7 8. Bf1 g6 9. Nxd4 Nxd4 10. Qxd4 Bg7 11. Nc3 0-0 12. Qd3 Bc6 13. Bg5 Qe5 14. Qe3 Rfe8 15. f3 Nd7 1/2-1/2

[Event "AUT-ch sf"]
[Site "Hartberg"]
[Date "1992.??.??"]
[Round "?"]
[White "Insam, Heinz"]
[Black "Zoebisch, Herbert"]
[Result "1-0"]
[WhiteElo "2250"]
[BlackElo "2215"]
[PlyCount "63"]
[EventDate "1992.??.??"]
[EventType "swiss"]
[EventRounds "9"]
[EventCountry "AUT"]
[SourceTitle "EXT 2002"]
[Source "ChessBase"]
[SourceDate "2001.11.25"]
[SourceVersion "1"]
[SourceVersionDate "2001.11.25"]
[SourceQuality "1"]

1. d4 d5 2. Bg5 h6 3. Bh4 c5 4. e3 Nc6 5. Nc3 cxd4 6. exd4 Be6 7. Nf3 g5 8. Bg3 Bg7 9. Bb5 Nf6 10. Ne5 Qb6 11. 0-0 0-0 12. Bxc6 bxc6 13. Na4 Qb5 14. Nc5 Bf5 15. a4 Qxb2 16. Nxc6 Rfe8 17. Rb1 Qxc2 18. Qxc2 Bxc2 19. Rb2 Bh7 20. Rb7 Bf8 21. Na6 Bd3 22. Nc7 Bxf1 23. Nxa8 Rxa8 24. Kxf1 a6 25. Rb8 Rxb8 26. Nxb8 Ne4 27. Nxa6 Bg7 28. Be5 f6 29. Nc5 Nc3 30. Bb8 e5 31. a5 Nb5 32. a6 1-0